| 000 | 00675nam a22002292a 4500 | ||
|---|---|---|---|
| 001 | 18660 | ||
| 003 | BD-RjUL | ||
| 005 | 20211209000321.0 | ||
| 008 | 140222s1959 enk 000 1 eng d | ||
| 035 |
_aOCLC ocm17150172 from D941101M _a(BD-RjUL)18718 |
||
| 040 |
_aANO _cANO _dEQO _dBD-RjUL _beng |
||
| 041 | _aeng | ||
| 082 |
_bBER 1959 _a823.91 |
||
| 090 |
_aPR6003.E6 _bR5 1959 |
||
| 100 | 1 |
_aBennett, Arnold, _d1867-1931. _956512 |
|
| 245 | 1 | 0 |
_aRiceyman steps / _c Arnold Bennett |
| 250 | _a11th ed | ||
| 260 |
_aLondon : _bCassell, _c1959 |
||
| 300 |
_a304 p. ; _c18 cm |
||
| 650 |
_aBooksellers and bookselling _vFiction _z London _z England _957465 |
||
| 942 |
_2ddc _cBK |
||
| 999 |
_c18660 _d18660 |
||